Diplomatari del monestir de Sant Joan de les Abadesses : (995-1273) / edició i estudi a cura de Joan Ferrer i Godoy (995-1273) / edició i estudi a cura de Joan Ferrer i Godoy
ISBN:
978-84-9779-789-4
Descripción Física:
822 p. ; 24 cm
Colección:
Diplomataris ; 43
MARC
| LEADER | 00000nam a2200000Ia 4500 | ||
|---|---|---|---|
| 001 | 21978 | ||
| 008 | 160829s2009 xx 000 0 cat d | ||
| 020 | |a 978-84-9779-789-4 | ||
| 080 | |a A-2-373 | ||
| 245 | |a Diplomatari del monestir de Sant Joan de les Abadesses : |b (995-1273) / edició i estudi a cura de Joan Ferrer i Godoy | ||
| 260 | |a Barcelona : |b Fundació Noguera, |c 2009 | ||
| 300 | |a 822 p. ; |c 24 cm | ||
| 490 | |a Diplomataris ; 43 | ||
| 590 | |a Bibliografia. | ||
| 590 | |a Text en llatí i català. | ||
| 650 | |a Monestir de Sant Joan de les Abadesses |x Història |x Fonts |9 39397 | ||
| 650 | |a Monestir de Sant Joan de les Abadesses |x Arxius |x Catàlegs |9 39398 | ||
| 700 | 1 | |a Ferrer i Godoy, Joan |9 39399 | |
| 700 | |a Fundació Noguera |9 70407 | ||
| 901 | |a Arxiu | ||
| 942 | |n 1 | ||
| 952 | |0 0 |1 0 |4 0 |6 A2373 |7 1 |9 48993 |a Arxiu |b Arxiu |d 2016-12-01 |l 0 |o A-2-373 |p 21978 |r 2016-12-01 00:00:00 |w 2016-12-01 |y ARXIU | ||
| 999 | |c 52828 |d 52828 | ||